|
|
|
|
| LEADER |
00873nab a2200229 i 4500 |
| 001 |
misc63764 |
| 005 |
20230111122631.0 |
| 008 |
220805s1960 hu o 0|| ger d |
| 040 |
|
|
|a SZTE Miscellanea Repozitórium
|b hun
|
| 041 |
|
|
|a ger
|
| 100 |
1 |
|
|a Mladenovic Miloš
|
| 245 |
1 |
0 |
|a Serbische Familiennamen osmanischer Herkunft
|h [elektronikus dokumentum] /
|c Mladenovic Miloš
|
| 260 |
|
|
|a Oldenbourg
|b München
|c 1960
|
| 300 |
|
|
|a 381-389
|c 24 cm
|
| 300 |
|
|
|a [9] p.
|c 24 cm
|
| 490 |
0 |
|
|a Südost-Forschungen : internationale Zeitschrift für Geschichte, Kultur und Landeskunde Südosteuropas
|
| 561 |
|
|
|a Németh Gyula hagyaték
|
| 591 |
|
|
|a NOA 3766
|
| 650 |
|
4 |
|a Bölcsészettudományok
|
| 650 |
|
4 |
|a Nyelvek és irodalom
|
| 695 |
|
|
|a Szerb nyelv - oszmán-török jövevényszavak
|
| 856 |
4 |
0 |
|u http://misc.bibl.u-szeged.hu/63764/1/3766_noa_m72.pdf
|z Dokumentum-elérés
|